[Event "LSS No Engine Cup 225 Preliminary 0"]
[Site "LSS email"]
[Date "2022.02.02"]
[Round "?"]
[White "Lorenti, Domenico"]
[Black "Hoehne, Volkmar"]
[Result "0-1"]
[WhiteElo "1491"]
[BlackElo "2140"]
[PlyCount "46"]
[EventDate "2022.02.02"]
[EventType "tourn (corr)"]
[EventRounds "6"]
[EventCountry "GER"]
[SourceTitle "Corr 2024"]
[Source "ChessBase"]
[SourceDate "2023.10.19"]
[SourceVersion "1"]
[SourceVersionDate "2023.10.19"]
[SourceQuality "1"]

1. e4 e5 2. Nf3 Nc6 3. Bb5 a6 4. Bxc6 dxc6 5. Nc3 f6 6. d4 exd4 7. Qxd4 Qxd4 8. Nxd4 Bd7 9. Bf4 0-0-0 10. 0-0-0 Ne7 11. h4 Ng6 12. Be3 h5 13. f3 Bd6 14. g3 Rhe8 15. f4 Bg4 16. Rde1 Bb4 17. Bf2 Bc5 18. f5 Ne5 19. Ne6 Bxf2 20. Ref1 Be3+ 21. Kb1 Rd2 22. Nxg7 Re7 23. Ne6 Bf3 0-1

[Event "LSS RC-2021-0-00257"]
[Site "LSS email"]
[Date "2021.10.31"]
[Round "?"]
[White "Oliveira, Luiz"]
[Black "Lorenti, Domenico"]
[Result "1-0"]
[WhiteElo "1713"]
[BlackElo "1619"]
[PlyCount "51"]
[EventDate "2021.04.25"]
[EventType "tourn (corr)"]
[EventRounds "6"]
[EventCountry "GER"]
[SourceTitle "Corr 2024"]
[Source "ChessBase"]
[SourceDate "2023.10.19"]
[SourceVersion "1"]
[SourceVersionDate "2023.10.19"]
[SourceQuality "1"]

1. e4 e5 2. Nf3 Nc6 3. Bb5 Nf6 4. d3 d6 5. 0-0 Bd7 6. Re1 Be7 7. c3 a6 8. Ba4 0-0 9. Nbd2 b5 10. Bc2 a5 11. a4 b4 12. Nf1 bxc3 13. bxc3 Be6 14. d4 exd4 15. Nxd4 Nxd4 16. cxd4 d5 17. e5 Nd7 18. Rb1 g6 19. f4 Bb4 20. Bd2 Bxd2 21. Qxd2 c5 22. f5 Bxf5 23. Bxf5 gxf5 24. Ng3 cxd4 25. Nxf5 Nc5 26. Qh6 1-0

[Event "OP-2019-0-04840"]
[Site "LSS email"]
[Date "2019.09.07"]
[Round "?"]
[White "Lorenti, Domenico"]
[Black "Bernat, Ernest"]
[Result "0-1"]
[WhiteElo "1754"]
[BlackElo "800"]
[PlyCount "78"]
[EventDate "2019.08.30"]
[EventType "tourn (corr)"]
[EventRounds "4"]
[EventCountry "GER"]
[SourceTitle "Corr 2022"]
[Source "ChessBase"]
[SourceDate "2021.10.24"]
[SourceVersion "1"]
[SourceVersionDate "2021.10.24"]
[SourceQuality "1"]

1. e4 e6 2. d4 d5 3. Nc3 dxe4 4. Nxe4 Nd7 5. Nf3 Ngf6 6. Nxf6+ Nxf6 7. Bd3 c5 8. Be3 Qc7 9. c3 Bd6 10. Qe2 Bd7 11. Bb5 a6 12. Bxd7+ Nxd7 13. 0-0 0-0 14. Rad1 Rad8 15. Rfe1 h6 16. Rd2 cxd4 17. Rxd4 Nf6 18. Red1 e5 19. R4d2 e4 20. Nd4 Bxh2+ 21. Kf1 Be5 22. a4 Rfe8 23. Nb3 Rxd2 24. Rxd2 Bf4 25. Bxf4 Qxf4 26. g3 Qc7 27. Nd4 e3 28. Rc2 exf2 29. Qxf2 Ne4 30. Qf3 Nxg3+ 31. Kg2 Re1 32. Ne2 Nxe2 33. Rxe2 Rxe2+ 34. Qxe2 Qc6+ 35. Kg1 Qxa4 36. Qd2 Qg4+ 37. Kh1 Qh4+ 38. Kg2 Qg5+ 39. Qxg5 hxg5 0-1

[Event "OP-2019-0-04840"]
[Site "LSS email"]
[Date "2019.09.07"]
[Round "?"]
[White "Lorenti, Domenico"]
[Black "Grimm, Wolfgang"]
[Result "0-1"]
[WhiteElo "1754"]
[BlackElo "1502"]
[PlyCount "60"]
[EventDate "2019.08.30"]
[EventType "tourn (corr)"]
[EventRounds "4"]
[EventCountry "GER"]
[SourceTitle "Corr 2022"]
[Source "ChessBase"]
[SourceDate "2021.10.24"]
[SourceVersion "1"]
[SourceVersionDate "2021.10.24"]
[SourceQuality "1"]

1. e4 Nc6 2. d4 d5 3. Nc3 dxe4 4. Bb5 Bd7 5. Be3 Nf6 6. h3 a6 7. Be2 e6 8. a3 Ne7 9. Bc4 Nf5 10. Bg5 b5 11. Bb3 h6 12. Bxf6 Qxf6 13. Nxe4 Qxd4 14. Qxd4 Nxd4 15. Nf3 Nxc2+ 16. Bxc2 f5 17. Nc3 Rd8 18. 0-0 Bd6 19. Rfe1 0-0 20. Ne5 Be8 21. Bb3 Rf6 22. Rad1 c5 23. f4 c4 24. Bc2 Rf8 25. g3 Bh5 26. Rc1 Bc5+ 27. Kf1 Rd2 28. Ne2 Be3 29. g4 fxg4 30. hxg4 Bxf4 0-1

[Event "LSS No Engine Cup 187 Preliminary 0"]
[Site "LSS email"]
[Date "2019.02.11"]
[Round "?"]
[White "Lorenti, Domenico"]
[Black "Ranalli, Emmanuel"]
[Result "0-1"]
[WhiteElo "1606"]
[BlackElo "1457"]
[PlyCount "38"]
[EventDate "2019.02.12"]
[EventType "tourn (corr)"]
[EventRounds "6"]
[EventCountry "GER"]
[SourceTitle "Corr 2022"]
[Source "ChessBase"]
[SourceDate "2021.10.24"]
[SourceVersion "1"]
[SourceVersionDate "2021.10.24"]
[SourceQuality "1"]

1. d4 Nf6 2. c4 d6 3. Nc3 g6 4. Nf3 Bg7 5. e4 0-0 6. Be2 Na6 7. 0-0 c6 8. Be3 Bg4 9. Qb3 Rb8 10. Rac1 Nc7 11. h3 Bd7 12. Rfd1 Qc8 13. d5 Bxh3 14. gxh3 Qxh3 15. Bxa7 Rbc8 16. Nh2 Bh6 17. Rb1 Bf4 18. Nf3 Ng4 19. Re1 c5 0-1

[Event "CP-2018-P-00022"]
[Site "LSS email"]
[Date "2018.09.27"]
[Round "?"]
[White "Pech, Jaroslav Sr"]
[Black "Lorenti, Domenico"]
[Result "1-0"]
[WhiteElo "1640"]
[BlackElo "1790"]
[PlyCount "33"]
[EventDate "2018.10.01"]
[EventType "tourn (corr)"]
[EventRounds "6"]
[EventCountry "GER"]
[SourceTitle "Corr 2022"]
[Source "ChessBase"]
[SourceDate "2021.10.24"]
[SourceVersion "1"]
[SourceVersionDate "2021.10.24"]
[SourceQuality "1"]

1. d4 d5 2. c4 c6 3. Nc3 Nf6 4. Nf3 dxc4 5. a4 Bf5 6. Ne5 e6 7. f3 c5 8. e4 Bg6 9. Be3 cxd4 10. Qxd4 Qxd4 11. Bxd4 Bb4 12. h4 Nc6 13. Nxc6 bxc6 14. Bxf6 gxf6 15. h5 Bxc3+ 16. bxc3 Bxh5 17. Rxh5 1-0

[Event "SN-2017-0-00888"]
[Site "LSS email"]
[Date "2017.11.01"]
[Round "?"]
[White "Hughes, Chris"]
[Black "Lorenti, Domenico"]
[Result "1/2-1/2"]
[WhiteElo "794"]
[BlackElo "1943"]
[PlyCount "86"]
[EventDate "2017.10.16"]
[EventType "tourn (corr)"]
[EventRounds "6"]
[EventCountry "GER"]
[SourceTitle "Corr 2022"]
[Source "ChessBase"]
[SourceDate "2021.10.24"]
[SourceVersion "1"]
[SourceVersionDate "2021.10.24"]
[SourceQuality "1"]

1. d4 Nf6 2. c4 e6 3. Nf3 d5 4. g3 dxc4 5. Bg2 c5 6. 0-0 Nc6 7. Ne5 Bd7 8. e3 cxd4 9. exd4 Nxe5 10. dxe5 Nd5 11. Nc3 Nxc3 12. bxc3 Qc7 13. Bb2 Qxe5 14. Qc2 Rb8 15. Rfe1 Qf6 16. Re4 Qf5 17. Qe2 Be7 18. Qxc4 0-0 19. Qe2 Qg6 20. Rg4 Qf6 21. c4 e5 22. Rf4 Qh6 23. Bxe5 Bd6 24. Bxd6 Qxd6 25. Rd1 Qc7 26. Rfd4 Bc6 27. Bxc6 Qxc6 28. Rd6 Qc7 29. Qd3 h6 30. Rd7 Qe5 31. a3 Rfc8 32. Rd5 Qc7 33. c5 b6 34. cxb6 axb6 35. Rb1 Qb7 36. a4 Qa7 37. Qd4 Qc7 38. a5 bxa5 39. Rxb8 Rxb8 40. Qd2 Rb1+ 41. Kg2 Qc1 42. Qxc1 Rxc1 43. Rxa5 Rc3 1/2-1/2

[Event "SN-2017-0-00888"]
[Site "LSS email"]
[Date "2017.11.01"]
[Round "?"]
[White "Raines, David T"]
[Black "Lorenti, Domenico"]
[Result "1-0"]
[WhiteElo "1182"]
[BlackElo "1943"]
[PlyCount "85"]
[EventDate "2017.10.16"]
[EventType "tourn (corr)"]
[EventRounds "6"]
[EventCountry "GER"]
[SourceTitle "Corr 2022"]
[Source "ChessBase"]
[SourceDate "2021.10.24"]
[SourceVersion "1"]
[SourceVersionDate "2021.10.24"]
[SourceQuality "1"]

1. d4 Nf6 2. Bf4 d5 3. e3 c5 4. c3 Nc6 5. Nd2 Bf5 6. h3 e6 7. Ngf3 Qb6 8. Qb3 Qxb3 9. axb3 Be7 10. Bb5 0-0 11. 0-0 a6 12. Bxc6 bxc6 13. Ne5 Rfc8 14. g4 Bg6 15. Nxg6 hxg6 16. f3 cxd4 17. exd4 c5 18. Be3 cxd4 19. Bxd4 Rcb8 20. Ra2 Rb7 21. Rfa1 g5 22. Rxa6 Rxa6 23. Rxa6 Nd7 24. b4 e5 25. Ra7 Rxa7 26. Bxa7 f6 27. Nb3 d4 28. Kf2 dxc3 29. bxc3 g6 30. Ke3 f5 31. Kd3 e4+ 32. fxe4 fxe4+ 33. Kxe4 Nf6+ 34. Ke5 Kf7 35. Bc5 Nd7+ 36. Kd5 Nxc5 37. Nxc5 Ke8 38. Ke6 Bf8 39. Ne4 Be7 40. Nf6+ Kd8 41. Nd5 Bf8 42. b5 Bc5 43. Kf6 1-0

[Event "OP-2017-0-04418"]
[Site "LSS email"]
[Date "2017.08.23"]
[Round "?"]
[White "Lorenti, Domenico"]
[Black "Chura, Michal"]
[Result "0-1"]
[WhiteElo "2091"]
[BlackElo "1271"]
[PlyCount "116"]
[EventDate "2017.08.18"]
[EventType "tourn (corr)"]
[EventRounds "4"]
[EventCountry "GER"]
[SourceTitle "Corr 2022"]
[Source "ChessBase"]
[SourceDate "2021.10.24"]
[SourceVersion "1"]
[SourceVersionDate "2021.10.24"]
[SourceQuality "1"]

1. e4 Nf6 2. e5 Nd5 3. d4 d6 4. c4 Nb6 5. exd6 cxd6 6. Be3 g6 7. Nf3 Bg7 8. Be2 0-0 9. 0-0 Qc7 10. Nc3 a6 11. Qc2 Bg4 12. b3 N6d7 13. h3 Bf5 14. Bd3 Bxd3 15. Qxd3 Nf6 16. Rae1 Nbd7 17. Bg5 e6 18. Re2 Nb6 19. d5 e5 20. Qd2 Rac8 21. Bh6 Nbd7 22. Bxg7 Kxg7 23. Ne4 Nxe4 24. Rxe4 Nf6 25. Re2 Nd7 26. Rfe1 b5 27. cxb5 axb5 28. Qb4 Qb6 29. Qh4 Rfe8 30. Nd4 Nf6 31. Nc6 Nxd5 32. Nb4 Nf4 33. Re3 Qd4 34. Re4 Qd2 35. g3 d5 36. R4e3 Qxb4 37. gxf4 Rc2 38. Rxe5 Rxe5 39. Rxe5 Rxa2 40. Qg3 Ra3 41. Rxd5 Rxb3 42. Rd3 Rb1+ 43. Kg2 Qe1 44. Qe3 Qf1+ 45. Kg3 Qg1+ 46. Kf3 Qh1+ 47. Kg3 Qg1+ 48. Kf3 Qh1+ 49. Kg3 Re1 50. Qd4+ Kh6 51. Re3 Rg1+ 52. Kh4 Qc6 53. Rg3 Rc1 54. Rb3 Rc4 55. Qd8 Rxf4+ 56. Kg3 Rf5 57. Qf8+ Kh5 58. h4 Qe4 0-1

[Event "OP-2017-0-04418"]
[Site "LSS email"]
[Date "2017.08.23"]
[Round "?"]
[White "Vontina, Maria"]
[Black "Lorenti, Domenico"]
[Result "0-1"]
[WhiteElo "784"]
[BlackElo "2091"]
[PlyCount "78"]
[EventDate "2017.08.18"]
[EventType "tourn (corr)"]
[EventRounds "4"]
[EventCountry "GER"]
[SourceTitle "Corr 2022"]
[Source "ChessBase"]
[SourceDate "2021.10.24"]
[SourceVersion "1"]
[SourceVersionDate "2021.10.24"]
[SourceQuality "1"]

1. e4 c6 2. d4 d5 3. Nc3 dxe4 4. Nxe4 Nf6 5. Nxf6+ gxf6 6. Nf3 Bf5 7. Be2 e6 8. Bf4 Bd6 9. Bxd6 Qxd6 10. a3 c5 11. dxc5 Qxc5 12. c3 Nd7 13. 0-0 0-0-0 14. Qa4 a6 15. Rac1 Nb6 16. Qb4 Qxb4 17. cxb4+ Kb8 18. Rfd1 Rxd1+ 19. Bxd1 Nd5 20. Bb3 Rd8 21. Kf1 Bd3+ 22. Ke1 Nf4 23. g3 Ng2+ 24. Kd2 Bc4+ 25. Kc3 Bxb3 26. Kxb3 Rd3+ 27. Rc3 Rxc3+ 28. Kxc3 e5 29. Kd3 Kc7 30. Ke4 Kd6 31. Kf5 Ke7 32. a4 b5 33. b3 h6 34. h4 h5 35. Ke4 Ke6 36. Kd3 Kd5 37. Nd2 Ne1+ 38. Kc3 f5 39. Nf3 Nxf3 0-1

[Event "LSS No Engine Cup 152 Preliminary 0"]
[Site "LSS email"]
[Date "2016.04.20"]
[Round "?"]
[White "Newton, Daryl"]
[Black "Lorenti, Domenico"]
[Result "1-0"]
[WhiteElo "1003"]
[BlackElo "1625"]
[PlyCount "53"]
[EventDate "2016.04.21"]
[EventType "tourn (corr)"]
[EventRounds "6"]
[EventCountry "GER"]
[SourceTitle "Corr 2022"]
[Source "ChessBase"]
[SourceDate "2021.10.24"]
[SourceVersion "1"]
[SourceVersionDate "2021.10.24"]
[SourceQuality "1"]

1. e4 e5 2. Bc4 Bc5 3. Nf3 Nc6 4. d3 Nf6 5. Ng5 0-0 6. Bxf7+ Rxf7 7. Nxf7 Kxf7 8. c3 d5 9. Qf3 dxe4 10. dxe4 Be6 11. Qg3 Nxe4 12. Qf3+ Nf6 13. Bg5 Qd5 14. Nd2 e4 15. Qf4 Qe5 16. Qh4 h6 17. Bxf6 gxf6 18. 0-0 Qg5 19. Qxe4 Rd8 20. Qh7+ Qg7 21. Qxg7+ Kxg7 22. Ne4 Bb6 23. b4 a6 24. a4 a5 25. Ra3 Bc4 26. Re1 axb4 27. cxb4 1-0

[Event "IECC CL0-2016.00 email"]
[Site "IECC email"]
[Date "2016.04.16"]
[Round "?"]
[White "Lorenti, Domenico"]
[Black "Palla, Vit"]
[Result "0-1"]
[WhiteElo "2105"]
[BlackElo "1113"]
[PlyCount "54"]
[EventDate "2016.03.20"]
[EventType "tourn (corr)"]
[EventRounds "4"]
[SourceTitle "Corr 2022"]
[Source "ChessBase"]
[SourceDate "2021.10.24"]
[SourceVersion "1"]
[SourceVersionDate "2021.10.24"]
[SourceQuality "1"]

1. e4 c5 2. Nf3 d6 3. d4 cxd4 4. Nxd4 Nf6 5. Nc3 a6 6. Bg5 h6 7. Bxf6 gxf6 8. Bc4 Rg8 9. g3 b5 10. Bd3 Bb7 11. f4 b4 12. Nd5 e6 13. Nxb4 a5 14. Bb5+ Nd7 15. Nbc6 Bxc6 16. Bxc6 Rb8 17. b3 Qb6 18. c4 e5 19. fxe5 Qb4+ 20. Qd2 Qxd2+ 21. Kxd2 dxe5 22. Bxd7+ Kxd7 23. Nf5 Rg4 24. Kd3 Ke6 25. Rac1 Rd8+ 26. Ke3 Bc5+ 27. Kf3 h5 0-1

[Event "LSS No Engine Cup 133 Preliminary 0"]
[Site "LSS email"]
[Date "2015.06.21"]
[Round "?"]
[White "Lorenti, Domenico"]
[Black "Dlugolecki, Grzegorz"]
[Result "0-1"]
[WhiteElo "1688"]
[BlackElo "1887"]
[PlyCount "34"]
[EventDate "2015.06.22"]
[EventType "tourn (corr)"]
[EventRounds "6"]
[EventCountry "GER"]
[SourceTitle "Corr 2022"]
[Source "ChessBase"]
[SourceDate "2021.10.24"]
[SourceVersion "1"]
[SourceVersionDate "2021.10.24"]
[SourceQuality "1"]

1. e4 e5 2. Nf3 Nc6 3. Bb5 a6 4. Ba4 Nf6 5. d3 b5 6. Bb3 Bc5 7. Nc3 h6 8. Nd5 d6 9. c3 0-0 10. 0-0 Rb8 11. d4 Ba7 12. Be3 Bg4 13. dxe5 Nxd5 14. Bxa7 Nf4 15. Bxb8 Nxe5 16. Bxc7 Qxc7 17. Qd2 Nh3+ 0-1

[Event "LSS No Engine Cup 131 Preliminary 0"]
[Site "LSS email"]
[Date "2015.05.18"]
[Round "?"]
[White "Lorenti, Domenico"]
[Black "Helmbrecht, John R"]
[Result "0-1"]
[WhiteElo "1695"]
[BlackElo "1807"]
[PlyCount "98"]
[EventDate "2015.05.19"]
[EventType "tourn (corr)"]
[EventRounds "6"]
[EventCountry "GER"]
[SourceTitle "Corr 2022"]
[Source "ChessBase"]
[SourceDate "2021.10.24"]
[SourceVersion "1"]
[SourceVersionDate "2021.10.24"]
[SourceQuality "1"]

1. e4 c5 2. Nc3 Nc6 3. Nf3 g6 4. d4 cxd4 5. Nxd4 Bg7 6. Nxc6 bxc6 7. Bc4 d6 8. Qf3 Nf6 9. e5 dxe5 10. Qxc6+ Bd7 11. Qf3 0-0 12. Bg5 Qc7 13. Bb3 Bc6 14. Qg3 a5 15. 0-0 a4 16. Bc4 e6 17. b3 axb3 18. axb3 Nh5 19. Qh4 Qb7 20. Rxa8 Rxa8 21. f3 Qb6+ 22. Qf2 Qd4 23. Ne2 Qd7 24. Nc3 Qd4 25. Qxd4 exd4 26. Ne4 h6 27. Bd2 Kh7 28. Bd3 Nf6 29. Nxf6+ Bxf6 30. Be4 Rc8 31. Bxc6 Rxc6 32. Rc1 Be7 33. c3 Ba3 34. Rc2 dxc3 35. Rxc3 Rd6 36. Be3 Rd7 37. g4 Rb7 38. Kg2 Bb2 39. Rd3 g5 40. h3 Kg6 41. Bf2 h5 42. Bc5 hxg4 43. hxg4 Be5 44. Kf2 Bf4 45. b4 f5 46. gxf5+ exf5 47. Rd4 Kf6 48. Ke2 Be5 49. Rd3 Bf4 0-1

[Event "LSS No Engine Cup 131 Preliminary 0"]
[Site "LSS email"]
[Date "2015.05.18"]
[Round "?"]
[White "Lorenti, Domenico"]
[Black "Verich, Oleg"]
[Result "1-0"]
[WhiteElo "1695"]
[BlackElo "1406"]
[PlyCount "64"]
[EventDate "2015.05.19"]
[EventType "tourn (corr)"]
[EventRounds "6"]
[EventCountry "GER"]
[SourceTitle "Corr 2022"]
[Source "ChessBase"]
[SourceDate "2021.10.24"]
[SourceVersion "1"]
[SourceVersionDate "2021.10.24"]
[SourceQuality "1"]

1. e4 Nf6 2. e5 Nd5 3. d4 d6 4. Nf3 Bf5 5. Bd3 Bxd3 6. Qxd3 e6 7. Qb5+ Nd7 8. Qxb7 dxe5 9. Nxe5 Nxe5 10. dxe5 Nb4 11. Qe4 Be7 12. a3 Nd5 13. c4 Nb6 14. Be3 0-0 15. Nc3 c5 16. Rd1 Qc8 17. 0-0 Rd8 18. Rxd8+ Bxd8 19. Nb5 Be7 20. Nd6 Bxd6 21. exd6 Nd7 22. Rb1 Rb8 23. b4 cxb4 24. axb4 Nf6 25. Qd4 a5 26. b5 a4 27. Ra1 Ra8 28. c5 Ra5 29. Qb4 Qa8 30. c6 Nd5 31. Qc5 a3 32. c7 Qc8 1-0

[Event "RF-2015-0-00234"]
[Site "LSS email"]
[Date "2015.05.05"]
[Round "?"]
[White "Volna, Tereza"]
[Black "Lorenti, Domenico"]
[Result "1/2-1/2"]
[WhiteElo "1118"]
[BlackElo "2147"]
[PlyCount "104"]
[EventDate "2015.03.23"]
[EventType "tourn (corr)"]
[EventRounds "6"]
[EventCountry "GER"]
[SourceTitle "Corr 2022"]
[Source "ChessBase"]
[SourceDate "2021.10.24"]
[SourceVersion "1"]
[SourceVersionDate "2021.10.24"]
[SourceQuality "1"]

1. e4 e5 2. Nf3 Nc6 3. Bc4 Bc5 4. Nc3 Nf6 5. d3 d6 6. Bg5 h6 7. Bxf6 Qxf6 8. Nd5 Qd8 9. c3 a6 10. d4 exd4 11. cxd4 Ba7 12. Rc1 Bd7 13. h3 b5 14. Bb3 0-0 15. 0-0 Re8 16. Re1 Rc8 17. e5 dxe5 18. dxe5 Na5 19. Bc2 Bc6 20. Nf4 Qxd1 21. Bxd1 Bd7 22. b4 Nb7 23. Bb3 c5 24. bxc5 Nxc5 25. Rcd1 Rcd8 26. Nd5 Nxb3 27. axb3 Re6 28. Nd4 Bxd4 29. Rxd4 Rc8 30. Nf4 Re7 31. Nd5 Re6 32. f4 Bc6 33. Red1 Bxd5 34. Rxd5 g5 35. g3 Rc3 36. R1d3 Rxd3 37. Rxd3 gxf4 38. gxf4 f6 39. exf6 Rxf6 40. Rf3 Re6 41. Kf2 Kf7 42. f5 Rd6 43. Ke3 Rd5 44. Ke4 Rc5 45. Kd4 Rc7 46. Kd5 Rd7+ 47. Kc6 Rd1 48. Kb6 Rd6+ 49. Kc5 Rd8 50. Kc6 Rd4 51. Kb6 Rd6+ 52. Kc5 Rd2 1/2-1/2

[Event "IECC CL0-2014.00 email"]
[Site "IECC email"]
[Date "2014.07.02"]
[Round "?"]
[White "Lorenti, Domenico"]
[Black "Verich, Oleg"]
[Result "1-0"]
[WhiteElo "2165"]
[BlackElo "1149"]
[PlyCount "78"]
[EventDate "2014.06.11"]
[EventType "tourn (corr)"]
[EventRounds "4"]
[SourceTitle "Corr 2022"]
[Source "ChessBase"]
[SourceDate "2021.10.24"]
[SourceVersion "1"]
[SourceVersionDate "2021.10.24"]
[SourceQuality "1"]

1. e4 d5 2. exd5 Nf6 3. d4 Nxd5 4. Nf3 Bg4 5. Be2 e6 6. 0-0 Bd6 7. c4 Nf4 8. Bxf4 Bxf4 9. Qb3 Qc8 10. h3 Bxf3 11. Bxf3 c6 12. g3 Bg5 13. Nc3 0-0 14. d5 exd5 15. cxd5 Bf6 16. Rad1 Bxc3 17. bxc3 cxd5 18. Rxd5 Nc6 19. Rfd1 Rb8 20. Bg4 Qe8 21. Rd7 Ne5 22. Rc7 Nxg4 23. hxg4 Qe4 24. Rd4 Qe2 25. c4 b5 26. c5 Rbc8 27. Rxa7 h5 28. gxh5 Qxh5 29. Rd5 Qe2 30. Rf5 Qe4 31. Raxf7 Qc4 32. Rxf8+ Rxf8 33. Rxf8+ Kxf8 34. Qxc4 bxc4 35. Kf1 Ke7 36. Ke2 Ke6 37. Kd2 Kd5 38. Kc3 Kxc5 39. f4 g6 1-0

[Event "SE-2013-0-00149"]
[Site "LSS email"]
[Date "2013.10.18"]
[Round "?"]
[White "Whiteside, Robert"]
[Black "Lorenti, Domenico"]
[Result "1-0"]
[WhiteElo "1325"]
[BlackElo "1083"]
[PlyCount "47"]
[EventDate "2013.07.26"]
[EventType "tourn (corr)"]
[EventRounds "6"]
[EventCountry "GER"]
[SourceTitle "Telechess CBM 167"]
[Source "ChessBase"]
[SourceDate "2015.07.13"]
[SourceVersion "1"]
[SourceVersionDate "2015.07.13"]
[SourceQuality "1"]

1. e4 c6 2. Nc3 d5 3. Nf3 Bg4 4. h3 Bxf3 5. Qxf3 Nf6 6. e5 Nfd7 7. d4 Qb6 8. Qf4 e6 9. Bd3 Na6 10. a3 c5 11. dxc5 Naxc5 12. Be2 Be7 13. 0-0 0-0 14. b4 Na6 15. Nb5 Qc6 16. Bd3 f5 17. Nd4 Qb6 18. c3 Rac8 19. Bd2 Nc7 20. Qg3 Ne8 21. Bb5 Rd8 22. a4 a6 23. a5 Qc7 24. Nxe6 1-0

[Event "LSS No Engine Cup 75 Preliminary 1"]
[Site "LSS email"]
[Date "2012.10.27"]
[Round "?"]
[White "Garcia, Javier N"]
[Black "Lorenti, Domenico"]
[Result "0-1"]
[WhiteElo "783"]
[BlackElo "1136"]
[PlyCount "44"]
[EventDate "2012.10.28"]
[EventType "tourn (corr)"]
[EventRounds "6"]
[EventCountry "GER"]
[SourceTitle "Telechess CBM 159"]
[Source "ChessBase"]
[SourceDate "2014.03.17"]
[SourceVersion "1"]
[SourceVersionDate "2014.03.17"]
[SourceQuality "1"]

1. e4 c6 2. d4 d5 3. e5 Bf5 4. Nf3 e6 5. Bd3 Ne7 6. Bg5 Qb6 7. b3 h6 8. Bd2 Bxd3 9. cxd3 Nf5 10. Bc3 Na6 11. g4 Ne7 12. Nbd2 h5 13. g5 Ng6 14. 0-0 Bb4 15. Bxb4 Nxb4 16. Qb1 Nf4 17. a3 Nbxd3 18. b4 0-0 19. Nb3 Qa6 20. Nc5 Nxc5 21. bxc5 Qe2 22. Nh4 Qg4+ 0-1

[Event "LSS No Engine Cup 75 Preliminary 1"]
[Site "LSS email"]
[Date "2012.10.27"]
[Round "?"]
[White "Kalinin, Vyacheslav"]
[Black "Lorenti, Domenico"]
[Result "1-0"]
[WhiteElo "1468"]
[BlackElo "1136"]
[PlyCount "85"]
[EventDate "2012.10.28"]
[EventType "tourn (corr)"]
[EventRounds "6"]
[EventCountry "GER"]
[SourceTitle "Telechess CBM 159"]
[Source "ChessBase"]
[SourceDate "2014.03.17"]
[SourceVersion "1"]
[SourceVersionDate "2014.03.17"]
[SourceQuality "1"]

1. c4 e5 2. Nc3 Nc6 3. d3 Nf6 4. g3 d5 5. cxd5 Nxd5 6. Bg2 Be6 7. Nf3 Be7 8. Bd2 0-0 9. 0-0 Qd7 10. Re1 f5 11. a3 f4 12. b4 fxg3 13. hxg3 Nd4 14. Nxe5 Qd8 15. Nxd5 Bxd5 16. e4 Bb3 17. Qh5 Nc2 18. Rab1 Nxe1 19. Rxe1 Qe8 20. Qe2 Bf6 21. Ng4 Qe6 22. f4 Bd4+ 23. Be3 Bxe3+ 24. Nxe3 Rad8 25. Ng4 Qb6+ 26. Kh2 Rd4 27. f5 Rfd8 28. e5 Rxd3 29. e6 R3d4 30. f6 Qxe6 31. Qxe6+ Bxe6 32. Rxe6 Rxg4 33. fxg7 c6 34. b5 cxb5 35. Bxb7 Rxg7 36. Bc6 Rd2+ 37. Kh3 Rd3 38. Bxb5 Rxa3 39. Bc4 Raxg3+ 40. Kh2 Rg2+ 41. Kh1 Kf8 42. Rf6+ Ke8 43. Bd3 1-0